The state of the headwaters river basins : (Record no. 19042)

000 -LEADER
fixed length control field 00763cam a22002297a 4500
040 ## - CATALOGING SOURCE
Transcribing agency WIH
082 00 - DEWEY DECIMAL CLASSIFICATION NUMBER
Classification number 333 WIS 2002 C159 Or.
100 1# - MAIN ENTRY--AUTHOR NAME
Personal name Jirsa, Rick.
245 14 - TITLE STATEMENT
Title The state of the headwaters river basins :
Remainder of title [a report /
246 14 - VARYING FORM OF TITLE
Title proper/short title Headwaters basin integrated management plan
246 17 - VARYING FORM OF TITLE
Title proper/short title Headwaters state of the basin report
260 ## - PUBLICATION, DISTRIBUTION, ETC. (IMPRINT)
Place of publication [Madison, Wis.] :
Name of publisher Wisconsin Dept. of Natural Resources,
Year of publication [2002]
300 ## - PHYSICAL DESCRIPTION
Number of Pages xvii, 259 p. :
Other physical details col. maps ;
Dimensions 28 cm.
500 ## - GENERAL NOTE
General note "Primary author: Rick Jirsa"--P. v.
500 ## - GENERAL NOTE
General note "December, 2002."
500 ## - GENERAL NOTE
General note Wis. depository item.
500 ## - GENERAL NOTE
General note "PUBL WT 662 2002."
650 #0 - SUBJECT ADDED ENTRY--TOPICAL TERM
Topical Term Watershed management
710 1# - ADDED ENTRY--CORPORATE NAME
Corporate name or jurisdiction name as entry element Wisconsin.
710 2# - ADDED ENTRY--CORPORATE NAME
Corporate name or jurisdiction name as entry element Headwaters Basin Partnership Team (Wis.)
942 ## - ADDED ENTRY ELEMENTS (KOHA)
Koha item type ADB
952 ## - LOCATION AND ITEM INFORMATION (KOHA)
Withdrawn status [LOCAL, KOHA] 0
Holdings
Koha item type Source of acquisition Lost status Permanent Location Current Location Date acquired Full call number
សៀវភៅភាសាអង់គ្លេសA34002 Library Block CLibrary Block C2020-03-03333 WIS 2002 C159 Or.
មជ្ឈមណ្ឌលឯការនៃសាកលវិទ្យាល័យភូមិន្ទកសិកម្មចំការដូង

Powered by Koha